LEADER 01065nam0 2200301 450 001 000040669 005 20150520154427.0 100 $a20150514d1971----km-y0itaa50------ba 101 0 $aita 102 $aIT 200 1 $a<> Promessi Sposi$fAlessandro Manzoni$ga cura di Natalino Sapegno, Gorizio Viti 210 $aFirenze$cLe Monnier$d1971 215 $aXVI, 728 p.$d23 cm. 606 1 $aNarrativa 676 $a853.7$v(22. ed.)$9Narrativa italiana. 1814-1859 700 1$aManzoni,$bAlessandro$f<1785-1873>$0293333 702 1$aSapegno,$bNatalino 702 1$aViti,$bGorizio 801 0$aIT$bUniversità della Basilicata - B.I.A.$gREICAT$2unimarc 912 $a000040669 996 $aPromessi sposi$914013 997 $aUNIBAS BAS $aLETTERE CAT $aSTD103$b01$c20150514$lBAS01$h1154 CAT $aSTD103$b01$c20150514$lBAS01$h1158 CAT $aTTM$b30$c20150520$lBAS01$h1544 FMT Z30 -1$lBAS01$LBAS01$mBOOK$1BASA1$APolo Storico-Umanistico$2FLAR$BFondo Larotonda$3FLar/113505$6113505$5L113505$820150514$f04$FPrestabile Didattica LEADER 00758nam0-2200253 --450 001 9910876096703321 005 20241104091402.0 010 $a88-85174-41-8 100 $a20240806d2000----kmuy0itay5050 ba 101 0 $aita 102 $aIT 105 $a 001yy 200 1 $aPolitica e verità$etra Platone, Weber e realta virtuale: il ritorno di un antico problema all'alba del terzo millennio$fCiro Sbailo 210 $aTorino$cSintagma$d2000 215 $a85 p.$d20 cm 225 1 $aˆIl ‰Minotauro 700 1$aSbailò,$bCiro$0411614 801 0$aIT$bUNINA$gREICAT$2UNIMARC 901 $aBK 912 $a9910876096703321 952 $aDAM C10 SBAC 01$b2024/3142$fFLFBC 959 $aFLFBC 996 $aPolitica e verità$91394650 997 $aUNINA